000 01088nam a22002897a 4500
005 20170707100355.0
010 _aBAC-EN21 ENG-111708
020 _a9788121925716
_c500.00
020 _a9788121925716
_c675.00 (AV)
035 _aEN-95240
035 _aB-589346-378
035 _aB-668115
037 _bTechniz/Ven
_adpl
037 _bDBAD/PUB
082 _a621.380202
100 _aTheraja, B.L.
245 0 0 _aObjective electrical, electronics and telecommunication engineering/
_cby B.L.Theraja [and] V.K.Pandey
250 _a6th rev. ed
260 _aNew Delhi
_bS.Chand
_c2014(repr.)
270 _a7361, Ram Nagar,
_bNew Delhi
_e110055
300 _axvi,484p.:
_c23cm (pbk)
_bill.
500 _aSupply received revised price Rs.595.00
700 _dPandey, V.K.
942 _2ddc
_cEN
_mTHE
_h621.380202
999 _c88907
_d88907